000 00562nam a22001937a 4500
999 _c17490
_d17490
003 AR-CdUCM
008 190508b ||||| |||| 00| 0 spa d
040 _aMUNICIPALIDAD PROVINCIAL DEL CUSCO
_cBIBLIOTECA MUNICIPAL DEL CUSCO
082 _a890.46 /
_bES89
100 _aEspronceda, José De
_937532
245 _aPoesías escogidas /
260 _aBuenos Aires :
_bTor,
_c1957.
300 _a187 páginas ;
_c18 cm.
505 _aContenido: Poesías
650 _aPoesías
_92272
650 _aSiglo XX
_98
942 _2ddc
_cLIBROS
945 _aacv
_d2019-05-08